Advanced Topics of Strength of Materials (Record no. 5505)

MARC details
000 -LEADER
fixed length control field 00332nam a2200133Ia 4500
008 - FIXED-LENGTH DATA ELEMENTS--GENERAL INFORMATION
fixed length control field 191201s2005 xx 000 0 und d
100 ## - MAIN ENTRY--PERSONAL NAME
Personal name JINDAL, U C
245 #0 - TITLE STATEMENT
Title Advanced Topics of Strength of Materials
250 ## - EDITION STATEMENT
Edition statement Rep
260 ## - PUBLICATION, DISTRIBUTION, ETC. (IMPRINT)
Place of publication, distribution, etc N. Delhi
Name of publisher, distributor, etc Galgatia Pub. Pvt
Date of publication, distribution, etc 2005
300 ## - PHYSICAL DESCRIPTION
Extent 356
650 ## - SUBJECT ADDED ENTRY--TOPICAL TERM
Topical term or geographic name as entry element B.Tech(CE)
942 ## - ADDED ENTRY ELEMENTS (KOHA)
Source of classification or shelving scheme Dewey Decimal Classification
Koha item type Text Books
Holdings
Withdrawn status Lost status Source of classification or shelving scheme Damaged status Not for loan Collection code Home library Current library Date acquired Source of acquisition Cost, normal purchase price Bill Number Total Checkouts Full call number Acc. no. / Barcode Date last seen Bill Date Koha item type Date last borrowed
    Dewey Decimal Classification     B.Tech(CE) PIET C-LIBRARY PIET C-LIBRARY 07/09/2012 IBH, New Delhi 120.00 10323   620.112 JIS 20984 04/12/2019 07/09/2012 Text Books  
    Dewey Decimal Classification     B.Tech(CE) PIET C-LIBRARY PIET C-LIBRARY 07/09/2012 IBH, New Delhi 120.00 10323   620.112 JIS 20985 04/12/2019 07/09/2012 Text Books  
    Dewey Decimal Classification     B.Tech(CE) PIET C-LIBRARY PIET C-LIBRARY 07/09/2012 IBH, New Delhi 120.00 10323   620.112 JIS 20986 04/12/2019 07/09/2012 Text Books  
    Dewey Decimal Classification     B.Tech(CE) PIET C-LIBRARY PIET C-LIBRARY 07/09/2012 IBH, New Delhi 120.00 10323 1 620.112 JIS 20987 04/02/2021 07/09/2012 Text Books 02/02/2021
    Dewey Decimal Classification     B.Tech(CE) PIET C-LIBRARY PIET C-LIBRARY 07/09/2012 IBH, New Delhi 120.00 10323   620.112 JIS 20988 04/12/2019 07/09/2012 Text Books  

Design & Developed by: PIET Central Library
R70 Miles Stone Pattikalyana Samalkha Panipat 132102
mail ID :- [email protected], Phone No:- 0180-2569700 Ex.216